Franchise Click Quiz - Statistics

General Stats
  • This quiz has been taken 8 times
  • The average score is 11 of 20
Answer Stats
Hint Answer % Correct
Gilderoy Lockhart Harry Potter
83%
Yoda Star Wars
83%
Hawkeye The Avengers
83%
Groot The Guardians of
the Galaxy
83%
Fix-It Felix Wreck-It Ralph
83%
Green Lantern DC Justice League
67%
Speedy Gonzales Loony Toons
67%
Lakitu Super Mario Bros.
67%
Miles Morales The Amazing Adventures
of Spider-Man
67%
Mr. Ping Kung Fu Panda
50%
Husk Minecraft
50%
Chase Paw Patrol
50%
Oracle of Delphi
(Rachel)
Percy Jackson and
the Olympians
50%
Decidueye Pokémon
50%
Rouge Sonic the Hedgehog
50%
Jump-Man Donkey Kong
33%
Lucas Earhtbound
33%
Dr. Bravestone Jumanji
33%
Masrani Jurassic World
33%
Principle Krupp Captain Underpants
17%
No matching quizzes found
Score Distribution
Percent of People with Each Score
Percentile by Number Answered
Your Score History
You have not taken this quiz